01483nam a2200373Ia 4500001001200000003000800012006001900020007001500039008004100054010001700095020001500112020001500127020002200142040002100164035002000185050002500205082001600230100002300246245010700269260006800376300002400444490003500468504006400503533015200567650004000719650003600759650004500795650003800840655002900878700002300907710001700930830003600947856012600983ebr10120485CaPaEBRm u cr cn|||||||||030227s2004 enka sb 001 0 eng d z 2003043949 z0511163932 z0521808685 z052100473X (pbk.) aCaPaEBRcCaPaEBR a(OCoLC)6901701214aGN475.5b.S84 2004eb04a133.4/32211 aStewart, Pamela J.10aWitchcraft, sorcery, rumors, and gossiph[electronic resource] /cPamela J. Stewart, Andrew Strathern. aCambridge, UK ;aNew York :bCambridge University Press,c2004. axiv, 228 p. :bill.1 aNew departures in anthropology aIncludes bibliographical references (p. 205-216) and index. aElectronic reproduction.bPalo Alto, Calif. :cebrary,d2009.nAvailable via World Wide Web.nAccess may be limited to ebrary affiliated libraries. 0aWitchcraftvCross-cultural studies. 0aGossipvCross-cultural studies. 0aSocial conflictvCross-cultural studies. 0aViolencevCross-cultural studies. 7aElectronic books.2local1 aStrathern, Andrew.2 aebrary, Inc. 0aNew departures in anthropology.40uhttp://site.ebrary.com/lib/rucke/Doc?id=10120485zAn electronic book accessible through the World Wide Web; click to view